000
00181nam a2200085 4500
001
1239691
005
20251008101920.0
245
_a
KÜÇÜK AĞA
_c
TARIK BUĞRA
260
_b
İLETİŞİM
999
_c
1239691
_d
1239691